Catalog

Record Details

Catalog Search



Diggersaurs mission to Mars / Michael Whaite.

Whaite, Michael,(author,, illustrator.).

Available copies

  • 3 of 3 copies available at LARL/NWRL Consortium.
  • 2 of 2 copies available at Lake Agassiz Regional Library. (Show preferred library)

Current holds

0 current holds with 3 total copies.

Show Only Available Copies
Location Call Number / Copy Notes Barcode Shelving Location Status Due Date
Fosston Public Library E W (Text) 33500013840053 Main Available -
Hendrum LINK Site E W (Text) 33500013840061 Main Available -
Roseau Public Library e WHA (Text) 35500006868622 Main Available -

Record details

  • ISBN: 9780593648612
  • ISBN: 0593648617
  • ISBN: 9780593648599
  • ISBN: 0593648595
  • Physical Description: 1 volume (unpaged) color illustrations ; 26 cm
  • Edition: First American edition.
  • Publisher: New York : Random House Children's Books, 2023.

Content descriptions

General Note:
Originally published in paperback in the United Kingdom by Puffin Books in 2020.
Summary, etc.:
The Roversaurs--half spacecraft and half ... Read More
Target Audience Note:
Ages 3-7. Random House Children's Books.
Subject: Roving vehicles (Astronautics) > Juvenile fiction.
Construction equipment > Juvenile fiction.
Dinosaurs > Juvenile fiction.
Mars (Planet) > Juvenile fiction.
Stories in rhyme.
Genre: Picture books.
Stories in rhyme.
Picture books.
LDR 02599cam a22006258i 4500
001413296
003LARL_NWRL_CONSORTIUM
00520230725210818.0
008220824r20232020nyua b 000 1 eng
010 . ‡a 2022039224
040 . ‡aDLC ‡beng ‡erda ‡cDLC ‡dOCLCF ‡dTOH ‡dOPW ‡dNYP ‡dVP@ ‡dTXHLS ‡dZ#6
020 . ‡a9780593648612 ‡q(board)
020 . ‡a0593648617
020 . ‡a9780593648599 ‡q(hardcover)
020 . ‡a0593648595
020 . ‡z9780593648605 ‡q(ebook)
035 . ‡a(OCoLC)1345217668
042 . ‡apcc
08200. ‡a[E] ‡223
1001 . ‡aWhaite, Michael, ‡eauthor, ‡eillustrator.
24510. ‡aDiggersaurs mission to Mars / ‡cMichael Whaite.
250 . ‡aFirst American edition.
264 1. ‡aNew York : ‡bRandom House Children's Books, ‡c2023.
264 4. ‡c©2023
300 . ‡a1 volume (unpaged) ‡bcolor illustrations ; ‡c26 cm
336 . ‡atext ‡btxt ‡2rdacontent
336 . ‡astill image ‡bsti ‡2rdacontent
337 . ‡aunmediated ‡bn ‡2rdamedia
338 . ‡avolume ‡bnc ‡2rdacarrier
500 . ‡aOriginally published in paperback in the United Kingdom by Puffin Books in 2020.
521 . ‡aAges 3-7. ‡bRandom House Children's Books.
520 . ‡aThe Roversaurs--half spacecraft and half dinosaur--call on the expertise of their fellow dino-machines, the Diggersaurs--half construction truck and half dinosaur--to help them build a Martian base.
650 0. ‡aRoving vehicles (Astronautics) ‡vJuvenile fiction.
650 0. ‡aConstruction equipment ‡vJuvenile fiction.
650 0. ‡aDinosaurs ‡vJuvenile fiction. ‡0(LARL_NWRL_CONSORTIUM)164610
651 0. ‡aMars (Planet) ‡vJuvenile fiction.
650 1. ‡aStories in rhyme. ‡0(LARL_NWRL_CONSORTIUM)162453
655 0. ‡aPicture books.
655 7. ‡aStories in rhyme. ‡2lcgft
655 7. ‡aPicture books. ‡2lcgft
77608. ‡iOnline version: ‡aWhaite, Michael. ‡tDiggersaurs mission to Mars. ‡bFirst American edition ‡dNew York : Random House Children's Books, 2023 ‡z9780593648605 ‡w(DLC) 2022039225
901 . ‡a413296 ‡bOCoLC ‡c413296 ‡tbiblio ‡soclc

Additional Resources